Modern prestressed concrete : (Record no. 547076)
[ view plain ]
| 000 -LEADER | |
|---|---|
| fixed length control field | 00745pam a2200217 a 4500 |
| 020 ## - INTERNATIONAL STANDARD BOOK NUMBER | |
| International Standard Book Number | 0442259425 |
| 082 00 - DEWEY DECIMAL CLASSIFICATION NUMBER | |
| Classification number | 624.183412 |
| Author Mark | LIB |
| -- | L-19, P-108 |
| 100 1# - MAIN ENTRY--PERSONAL NAME | |
| Personal name | Libby, James R. |
| 9 (RLIN) | 43263 |
| 245 10 - TITLE STATEMENT | |
| Title | Modern prestressed concrete : |
| Remainder of title | design principles and construction methods / |
| Statement of responsibility, etc. | James R. Libby. |
| 250 ## - EDITION STATEMENT | |
| Edition statement | 3rd ed. |
| 260 ## - PUBLICATION, DISTRIBUTION, ETC. | |
| Place of publication, distribution, etc. | New York : |
| Name of publisher, distributor, etc. | Van Nostrand Reinhold Co., |
| Date of publication, distribution, etc. | c1984. |
| 300 ## - PHYSICAL DESCRIPTION | |
| Extent | xii, 635 p. : |
| Other physical details | ill. ; |
| Dimensions | 24 cm. |
| 500 ## - GENERAL NOTE | |
| General note | Includes index. |
| 526 ## - STUDY PROGRAM INFORMATION NOTE | |
| Program name | 0 |
| Interest level | 0 |
| Reading level | 0 |
| Title point value | 624_183412000000000_LIB |
| 526 ## - STUDY PROGRAM INFORMATION NOTE | |
| Program name | 0 |
| Interest level | 0 |
| Reading level | 0 |
| Title point value | 624_183412000000000_LIB |
| 526 ## - STUDY PROGRAM INFORMATION NOTE | |
| Program name | 0 |
| Interest level | 0 |
| Reading level | 0 |
| Title point value | 624_183412000000000_LIB |
| 526 ## - STUDY PROGRAM INFORMATION NOTE | |
| Program name | 0 |
| Interest level | 0 |
| Reading level | 0 |
| Title point value | 624_183412000000000_LIB |
| 650 #0 - SUBJECT ADDED ENTRY--TOPICAL TERM | |
| Topical term or geographic name entry element | MCE |
| 9 (RLIN) | 379 |
| 650 #0 - SUBJECT ADDED ENTRY--TOPICAL TERM | |
| Topical term or geographic name entry element | Prestressed concrete construction. |
| 9 (RLIN) | 20245 |
| 942 ## - ADDED ENTRY ELEMENTS (KOHA) | |
| Source of classification or shelving scheme | |
| Koha item type | Book |
| Withdrawn status | Lost status | Source of classification or shelving scheme | Damaged status | Not for loan | Permanent Location | Current Location | Date acquired | Total Checkouts | Full call number | Barcode | Date last seen | Price effective from | Koha item type |
|---|---|---|---|---|---|---|---|---|---|---|---|---|---|
| Military College of Engineering (MCE) | Military College of Engineering (MCE) | 07/01/2014 | 624.183412 LIB | MCE-27587 | 07/01/2014 | 07/01/2014 | Book | ||||||
| Military College of Engineering (MCE) | Military College of Engineering (MCE) | 07/01/2014 | 624.183412 LIB | MCE-33397 | 07/01/2014 | 07/01/2014 | Book | ||||||
| Military College of Engineering (MCE) | Military College of Engineering (MCE) | 07/01/2014 | 624.183412 LIB | MCE-24314 | 07/01/2014 | 07/01/2014 | Book | ||||||
| Military College of Engineering (MCE) | Military College of Engineering (MCE) | 07/01/2014 | 624.183412 LIB | MCE-25527 | 07/01/2014 | 07/01/2014 | Book |
